| 000 | 00454nam a22001577a 4500 | ||
|---|---|---|---|
| 005 | 20251029142322.0 | ||
| 008 | 251029b |||||||| |||| 00| 0 eng d | ||
| 020 | _a0887373402 | ||
| 050 |
_aRT73 _b.R47 |
||
| 245 |
_aReview of Research in Nursing Education _ceditor, William L. Holzemer |
||
| 250 | _aVolume 1 | ||
| 260 |
_aNew York _bNational League for Nursing _c1986 |
||
| 300 |
_axi.188p. _c23cm |
||
| 700 | _aHolzemer, William L. | ||
| 942 |
_2lcc _cBK _n0 |
||
| 999 |
_c7892 _d7892 |
||